Porovnanie reportingových funkcií nástrojov Microsoft Excel a Microsoft Power BI bakalárska práca

Gespeichert in:
Bibliographische Detailangaben
1. Verfasser: Grman, Peter
Körperschaft: Fakulta hospodárskej informatiky EU. Katedra matematiky a aktuárstva
Weitere Verfasser: Teplanová, Patrícia, 1998-
Format: Buch
Sprache:Slowakisch
Veröffentlicht: Bratislava 2024
Tags: Tag hinzufügen
Keine Tags, Fügen Sie das erste Tag hinzu!

MARC

LEADER 00000nbm a2200000 4500
001 0302598
005 20250129083101.7
041 0 |a slo 
044 |a SK 
245 1 0 |a Porovnanie reportingových funkcií nástrojov Microsoft Excel a Microsoft Power BI  |b bakalárska práca  |c Peter Grman ; školiteľ: Patrícia Teplanová 
264 1 |a Bratislava  |c 2024 
300 |a 57 s. 
100 1 |a Grman, Peter 
700 1 |a Teplanová, Patrícia, 1998- 
710 2 |a Fakulta hospodárskej informatiky EU. Katedra matematiky a aktuárstva